| 000 | 00579nam a2200229Ia 4500 | ||
|---|---|---|---|
| 003 | OSt | ||
| 005 | 20220928151919.0 | ||
| 006 | a|||||r|||| 00| 0 | ||
| 007 | ta | ||
| 008 | 220927b |||||||| |||| 00| 0 eng d | ||
| 024 | _a132066 | ||
| 037 | _cTextual | ||
| 040 |
_aSDCL _cSDCL _beng |
||
| 041 |
_2eng _aeng |
||
| 082 | _aI:33C5, L7.2 | ||
| 100 |
_aGibbs M. Ed. _9518458 |
||
| 245 | 0 | _aPhotosynthesis II | |
| 260 | _c1977 | ||
| 700 |
_a Latzko E. Ed. _9518459 |
||
| 942 |
_hI:33C5, L7.2 _cTEXL _2CC |
||
| 999 |
_c853345 _d853345 |
||